Statistics for Most Populated Dependent Territories

Click here to take the quiz!

General Stats

  • This quiz has been taken 163 times
  • The average score is 7 of 10

Answer Stats

CountryPopulation ('000)Territory% Correct
USA3,615Puerto Rico
95%
China7,220Hong Kong
92%
China615Macau
88%
France392Martinique
70%
France841Réunion
66%
France268French Polynesia
62%
France238French Guiana
60%
France406Guadeloupe
59%
France259New Caledonia
56%
France213Mayotte
51%

Score Distribution

Percentile by Number Answered

Percent of People with Each Score

Your Score History

You have not taken this quiz